AutoCAD 2008: официальная русская версия: эффективный самоучитель

Bibliografiske detaljer
Hovedforfatter: Жарков Н. В.
Summary:Исключено из фонда НТБ ТПУ
Sprog:russisk
Udgivet: СПб., Наука и техника, 2008
Serier:Просто о сложном
Format: MixedMaterials Bog
KOHA link:https://koha.lib.tpu.ru/cgi-bin/koha/opac-detail.pl?biblionumber=147214

MARC

LEADER 00000nam0a2200000 4500
001 147214
005 20231031144951.0
010 |a 9785943875359  |b 4000 экз. 
035 |a (RuTPU)RU\TPU\book\159563 
090 |a 147214 
100 |a 20080808d2008 m y0rusy5002 ca 
101 0 |a rus 
102 |a RU 
105 |a a j 000zy 
200 1 |a AutoCAD 2008: официальная русская версия  |e эффективный самоучитель  |f Н. В. Жарков 
210 |a СПб.  |c Наука и техника  |d 2008 
215 |a 588 с.  |c ил.  |d 24 см. 
225 1 |a Просто о сложном 
333 |a Исключено из фонда НТБ ТПУ 
700 1 |a Жарков  |b Н. В.  |4 070 
801 1 |a RU  |b 63413507  |c 20081111  |g PSBO 
801 2 |a RU  |b 63413507  |c 20150905  |g PSBO 
942 |c BK